Metodología para la evaluación de proyectos de inversión en carreteras
ISBN:
84-7433-102-1
Descripción Física:
82 p. ; 21 cm
MARC
| LEADER | 00000nam a2200000Ia 4500 | ||
|---|---|---|---|
| 001 | 14205 | ||
| 008 | 160829s9999 xx 000 0 cat d | ||
| 020 | |a 84-7433-102-1 | ||
| 080 | |a C-2-240 | ||
| 245 | |a Metodología para la evaluación de proyectos de inversión en carreteras | ||
| 260 | |a [Madrid] : |b MOPU, Secretaría General Técnica, Servicio de Publicaciones, DL 1980 | ||
| 300 | |a 82 p. ; |c 21 cm | ||
| 590 | |a A la coberta: Ministerio de Obras Públicas y Urbanismo, Secretaría General Técnica, Dirección General de Carreteras | ||
| 650 | |a Carreteres |x Espanya |x Projectes |x Avaluació |9 22062 | ||
| 650 | |a Inversions públiques |x Espanya |x Projectes |x Avaluació |9 22063 | ||
| 710 | |a Espanya. |b Dirección General de Carreteras |9 4746 | ||
| 901 | |a Arxiu | ||
| 942 | |n 1 | ||
| 952 | |0 0 |1 0 |4 0 |6 C2240 |7 1 |9 42037 |a Arxiu |b Arxiu |d 2016-12-01 |l 0 |o C-2-240 |p 14205 |r 2016-12-01 00:00:00 |w 2016-12-01 |y ARXIU | ||
| 999 | |c 44484 |d 44484 | ||